00610nam a2200241Ia 4500003000400000005001700004008004100021020001800062050001600080050001800096100003100114245003800145245003100183250001600214260001700230260002500247260000900272300001600281300002000297300001100317500002000328650002000348SMC20160627144355.0160303s9999 xx 000 0 und d a971-086-376-2 aFIL HD 58.7 b.M37 2003 c.3 aMartires, Concepcion Rodil aHuman behavior in organizations / cConcepcion Rodil Martires. a3rd Edition aMandaluyong: bNational Book Store, c2003 a258 pages : billustrations ; c22 cm. aIncludes index. aHuman behavior.